Województwo warszawskie 1975-98 Miasta - Statystyki

Ogólne statystyki
  • Ten quiz został rozwiązany 55 razy
  • Średni wynik to 14 z 22
Statystyki odpowiedzi
Ludność Miasto % Poprawnych
1 618 468 Warszawa
98%
50 336 Pruszków
90%
47 992 Legionowo
83%
39 361 Otwock
83%
25 412 Grodzisk Mazowiecki
79%
26 399 Piaseczno
79%
34 623 Wołomin
75%
16 798 Marki
71%
27 381 Nowy Dwór Mazowiecki
71%
16 876 Ząbki
71%
20 767 Piastów
63%
17 597 Sulejówek
60%
14 765 Józefów
58%
15 695 Zielonka
58%
13 633 Łomianki
52%
16 841 Konstancin-Jeziorna
50%
16 270 Kobyłka
48%
11 104 Brwinów
46%
12 340 Błonie
42%
14 730 Milanówek
42%
11 114 Góra Kalwaria
40%
10 404 Karczew
33%
Nie znaleziono quizów pasujących do podanych kryteriów
Rozkład punktacji
Procent ludzi z każdym wynikiem
Percentyl według liczby udzielonych odpowiedzi
Twoja historia wyników
Nie rozwiązałeś tego quizu